00573nam a2200169 i 450000100060000000300090000600500170001500700030003200800410003510000280007624500580010426000370016230000330019985200320023299900170026495201220028122087ES-MaACL20230906152617.0t|021129s1969 sp ||||1| spa d1 aAlfonso, Carlos.91984510aCrónicas de los Picos de Europa / cCarlos Alfonso. aMadrid : bEd. Nacional, c1969. a144 p., 11 lám. ; c24 cm. aES-MaACLjC-37973 bR.72389 c22087d22087 00104070aATENEOMbATENEOMcDEPO2d2008-01-17eSCl0oC-37973p1022701r2023-02-23 00:00:00w2023-02-23yMONOGRAFIA